| 000 | 01000nam a2200301 i 4500 | ||
|---|---|---|---|
| 001 | 001109230 | ||
| 003 | CZ HkSVK | ||
| 005 | 20260415084422.0 | ||
| 007 | ta | ||
| 008 | 260413s2026 xr a g 6 000| cze d | ||
| 020 | _a9788077120197 | ||
| 040 |
_aHKA001 _bcze _erda |
||
| 041 | 1 |
_acze _heng |
|
| 100 | 1 |
_aYoung, Skottie, _d1978- _4aut _914348 |
|
| 240 | 1 | 0 |
_aHappy end game. _lČesky |
| 245 | 1 | 0 |
_aNesnáším Pohádkov. _nSvazek osmý, _pŠtístkoncovka / _cvytvořil a napsal Skottie Young ; nakreslil Brett Bean ; překlad z angličtiny: Michael Talián |
| 246 | 3 | 0 | _aŠtístkoncovka |
| 250 | _aPrvní vydání | ||
| 264 | 1 |
_a[Praha] : _bCrew, _c2026 |
|
| 300 |
_a128 nečíslovaných stran : _bbarevné ilustrace ; _c26 cm |
||
| 500 | _aSbírka sešitů 16-20 (druhá řada) | ||
| 700 | 1 |
_aBean, Brett _4ill _918131 |
|
| 700 | 1 |
_aTalián, Michael, _d1974- _4trl _918132 |
|
| 710 | 2 |
_aNakladatelství Crew _4pbl _920581 |
|
| 765 | 0 | _tI hate Fairyland | |
| 910 | _aABG508 | ||
| 999 |
_c34153 _d34153 |
||